000 00899nam a2200241Ia 4500
003 OSt
005 20220923224312.0
006 a|||||r|||| 00| 0
007 ta
008 220922b |||||||| |||| 00| 0 hin d
024 _a230,666
037 _cTextual
040 _aARTS
_cARTS
_bhin
041 _2hin
_ahin
082 _aQ1:4:g(S), 152P4
100 _aत्रिवेदी, मानसी शुक्ला
245 0 _aवैदिक अनुष्ठानों का मनोवैज्ञानिक अनुशीलन
246 _aVaidik anuṣhṭhānoan kā hinovaijnyānik anushīlana
260 _aदिलली
_b नाग पब्लिशर्स
_c2004
650 _aधर्मशास्त्र
942 _hQ1:4:g(S), 152P4
_cTEXL
_2CC
999 _c370496
_d370496